Direct labour organisations in the construction industry (Record no. 85630)

MARC details
000 -LEADER
fixed length control field 00455cam a2200181 4500
001 - CONTROL NUMBER
control field D6482
008 - FIXED-LENGTH DATA ELEMENTS--GENERAL INFORMATION
fixed length control field 090401t1982 xxu||||| |||| 00| 0 eng d
035 ## - SYSTEM CONTROL NUMBER
System control number (Sirsi) u1102
041 ## - LANGUAGE CODE
Language code of text/sound track or separate title eng
050 ## - LIBRARY OF CONGRESS CALL NUMBER
Classification number 338.4769
100 ## - MAIN ENTRY--PERSONAL NAME
Personal name Langford, D.A.
245 ## - TITLE STATEMENT
Title Direct labour organisations in the construction industry
260 ## - PUBLICATION, DISTRIBUTION, ETC.
Place of publication, distribution, etc. Aldershot, Hants
Name of publisher, distributor, etc. Gower Press
Date of publication, distribution, etc. 1982
300 ## - PHYSICAL DESCRIPTION
Extent ix. 135p. 23cm
350 ## - PRICE (NR) (BK AM CF MU VM SE) [OBSOLETE]
Price 15.45
942 ## - ADDED ENTRY ELEMENTS (KOHA)
Suppress in OPAC 0
948 ## - LOCAL PROCESSING INFORMATION (OCLC); SERIES PART DESIGNATOR (RLIN)
c (OCLC) 04/03/1997
Holdings
Withdrawn status Lost status Source of classification or shelving scheme Damaged status Not for loan Home library Current library Shelving location Date acquired Cost, normal purchase price Total Checkouts Full call number Barcode Date last seen Date last checked out Copy number Cost, replacement price Price effective from Koha item type
    Dewey Decimal Classification     London London Books 14/09/1999 15.45 2 338.4769 30003353 06/08/2019 16/12/2004 1 15.45 06/08/2019 Book